[Event "CRO-chT1B 29th"]
[Site "Mali Losinj"]
[Date "2021.09.30"]
[Round "8.1"]
[White "Zadravec, Matija"]
[Black "Separovic, Tomislav"]
[Result "1-0"]
[WhiteElo "2232"]
[BlackElo "2112"]
[PlyCount "77"]
[EventDate "2021.09.25"]
[EventType "team-tourn"]
[EventRounds "11"]
[EventCountry "CRO"]
[SourceTitle "CBM 204 Extra"]
[Source "ChessBase"]
[SourceDate "2021.11.30"]
[SourceVersion "1"]
[SourceVersionDate "2021.11.30"]
[SourceQuality "1"]
[WhiteTeam "Mihovljan Sloboda"]
[BlackTeam "Dubrovnik"]
[WhiteTeamCountry "CRO"]
[BlackTeamCountry "CRO"]

1. d4 d5 2. Bf4 e6 3. e3 c5 4. c3 Nc6 5. Nd2 Bd6 6. Bg3 Nf6 7. Ngf3 Qe7 8. Ne5 Nd7 9. Bb5 Ndxe5 10. dxe5 Bc7 11. f4 Bd7 12. Bd3 0-0-0 13. Nf3 Qf8 14. Qe2 Kb8 15. 0-0-0 Ne7 16. Bf2 Bc6 17. Rhe1 h6 18. e4 Bb6 19. Nd2 Rd7 20. Bb5 Qc8 21. exd5 Nxd5 22. g3 Rhd8 23. Ne4 Bxb5 24. Qxb5 Nc7 25. Qe2 Rxd1+ 26. Rxd1 Rxd1+ 27. Qxd1 Na6 28. Qd6+ Ka8 29. h4 Nb8 30. Bxc5 Nd7 31. Bxb6 axb6 32. b3 Ka7 33. Kc2 Nb8 34. a4 Nc6 35. b4 Qg8 36. Qc7 Qh7 37. Kd3 Qg6 38. a5 bxa5 39. b5 1-0

[Event "CRO-chT1B 29th"]
[Site "Mali Losinj"]
[Date "2021.09.28"]
[Round "5.55"]
[White "Matanovic, Luka"]
[Black "Separovic, Tomislav"]
[Result "1-0"]
[WhiteElo "2251"]
[BlackElo "2112"]
[PlyCount "56"]
[EventDate "2021.09.25"]
[EventType "team-tourn"]
[EventRounds "11"]
[EventCountry "CRO"]
[SourceTitle "CBM 204 Extra"]
[Source "ChessBase"]
[SourceDate "2021.11.30"]
[SourceVersion "1"]
[SourceVersionDate "2021.11.30"]
[SourceQuality "1"]
[WhiteTeam "Slavonski Brod Djakovic"]
[BlackTeam "Dubrovnik"]
[WhiteTeamCountry "CRO"]
[BlackTeamCountry "CRO"]

1. e4 e6 2. d4 d5 3. e5 c5 4. c3 Nc6 5. Nf3 Qb6 6. a3 Bd7 7. b4 cxd4 8. cxd4 Rc8 9. Be3 Nh6 10. Bd3 Nf5 11. 0-0 Be7 12. Nbd2 Nd8 13. Qe2 Nxe3 14. fxe3 f5 15. exf6 Bxf6 16. Ne5 Ke7 17. Ndf3 Be8 18. g4 h6 19. b5 Rc3 20. Qd2 Rc7 21. Rac1 Bxe5 22. Nxe5 Rxc1 23. Rxc1 a5 24. a4 g5 25. Qc3 Kf6 26. Qa3 Nf7 27. Rf1+ Kg7 28. Qe7 Rg8 1-0

[Event "CRO-chT1A 27th"]
[Site "Biograd"]
[Date "2018.09.10"]
[Round "3.36"]
[White "Petrov, Jole"]
[Black "Separovic, Tomislav"]
[Result "1-0"]
[WhiteElo "2397"]
[BlackElo "2153"]
[PlyCount "103"]
[EventDate "2018.09.08"]
[EventType "team-tourn"]
[EventRounds "9"]
[EventCountry "CRO"]
[SourceTitle "CBM 186 Extra"]
[Source "ChessBase"]
[SourceDate "2018.08.24"]
[SourceVersion "1"]
[SourceVersionDate "2018.08.24"]
[SourceQuality "1"]
[WhiteTeam "Rijeka Rijeka"]
[BlackTeam "Dubrovnik"]
[WhiteTeamCountry "CRO"]
[BlackTeamCountry "CRO"]

1. Nf3 d5 2. g3 Nf6 3. Bg2 c5 4. c4 d4 5. d3 Nc6 6. 0-0 e5 7. e3 Be7 8. exd4 exd4 9. Bf4 0-0 10. Ne5 Nxe5 11. Bxe5 Bd6 12. Bxf6 Qxf6 13. Nd2 Qd8 14. f4 Rb8 15. f5 f6 16. Bd5+ Kh8 17. Ne4 b6 18. Qf3 Be5 19. Rae1 Qc7 20. Re2 Bb7 21. Bxb7 Qxb7 22. Rfe1 Qd7 23. Ng5 fxg5 24. Rxe5 Rbe8 25. Qe4 Rxe5 26. Qxe5 h6 27. g4 Qa4 28. a3 Qc2 29. Qe7 Kg8 30. Qe6+ Kh8 31. Qe2 Qa4 32. Qe7 Kg8 33. Qe6+ Kh8 34. Qg6 Qd7 35. b4 Kg8 36. b5 Kh8 37. Re4 Kg8 38. Qe6+ Qf7 39. Kg2 Kh8 40. Qxf7 Rxf7 41. Re6 Kg8 42. Kf3 Kf8 43. Ke4 Rd7 44. Ke5 Kf7 45. f6 Kg6 46. a4 Rf7 47. fxg7+ Kxg7 48. Kd5 Rf3 49. Re7+ Kf8 50. Rxa7 Rxd3 51. a5 bxa5 52. b6 1-0

[Event "CRO Cup"]
[Site "Mali Losinj"]
[Date "2018.05.16"]
[Round "1.32"]
[White "Pikula, Dejan"]
[Black "Separovic, Tomislav"]
[Result "1-0"]
[WhiteElo "2470"]
[BlackElo "2182"]
[PlyCount "129"]
[EventDate "2018.05.16"]
[EventType "team-swiss"]
[EventRounds "6"]
[EventCountry "CRO"]
[SourceTitle "CBM 184 Extra"]
[Source "ChessBase"]
[SourceDate "2018.06.28"]
[SourceVersion "1"]
[SourceVersionDate "2018.06.28"]
[SourceQuality "1"]
[WhiteTeam "Sesvete Sljeme"]
[BlackTeam "Dubrovnik"]
[WhiteTeamCountry "CRO"]
[BlackTeamCountry "CRO"]

1. e4 e6 2. d3 c5 3. Nf3 Nc6 4. g3 Nf6 5. Bg2 Be7 6. 0-0 0-0 7. c3 d6 8. a3 Rb8 9. Re1 b5 10. Nbd2 Qb6 11. b4 cxb4 12. axb4 a5 13. bxa5 Nxa5 14. Nb3 Nxb3 15. Qxb3 d5 16. Bf4 Rb7 17. e5 Nd7 18. Bg5 Bxg5 19. Nxg5 h6 20. Nh3 Rc7 21. d4 Qc6 22. Rec1 Nb6 23. Bf1 Bd7 24. Nf4 Rfc8 25. Rab1 Na4 26. Qa3 Qa6 27. Rb3 Qa5 28. Ne2 Rc4 29. Qa2 Qd8 30. Qd2 Qc7 31. h4 Be8 32. Bh3 Bd7 33. Kh2 Be8 34. Bg4 Qe7 35. Nf4 Bd7 36. Be2 R4c7 37. Bd3 Be8 38. Ne2 Bd7 39. Bb1 Be8 40. Qd3 g6 41. Qd2 Kg7 42. Kg2 Rc4 43. h5 Qg5 44. Qxg5 hxg5 45. hxg6 fxg6 46. Kf3 Bd7 47. Kg4 Nc5 48. Rb4 Na4 49. Rxc4 Rxc4 50. Kxg5 Be8 51. Bd3 Rc7 52. Rc2 Rc8 53. Ra2 Bf7 54. Ra3 Nb2 55. Bxb5 Nd1 56. f3 Rc7 57. Bd3 Nf2 58. Nf4 Nd1 59. Bxg6 Nxc3 60. Ra8 Bg8 61. Nh5+ Kh8 62. Bd3 Rf7 63. Nf6 Rg7+ 64. Kf4 Nd1 65. Bh7 1-0

[Event "CRO-chT1B 20th"]
[Site "Sibenik"]
[Date "2011.10.09"]
[Round "6.2"]
[White "Ascic, Pero"]
[Black "Separovic, Tomislav"]
[Result "1-0"]
[WhiteElo "2300"]
[BlackElo "2218"]
[PlyCount "111"]
[EventDate "2011.10.04"]
[EventType "team-tourn"]
[EventRounds "9"]
[EventCountry "CRO"]
[SourceTitle "CBM 144 Extra"]
[Source "ChessBase"]
[SourceDate "2011.10.28"]
[SourceVersion "1"]
[SourceVersionDate "2011.10.28"]
[SourceQuality "1"]
[WhiteTeam "Djakovo"]
[BlackTeam "Dubrovnik"]
[WhiteTeamCountry "CRO"]
[BlackTeamCountry "CRO"]

1. e4 e6 2. d4 d5 3. Nd2 dxe4 4. Nxe4 Bd7 5. Nf3 Bc6 6. Bd3 Nd7 7. 0-0 Ngf6 8. Qe2 Bxe4 9. Bxe4 Rb8 10. Bd3 Be7 11. c3 0-0 12. Bf4 Re8 13. h3 Nd5 14. Bg3 Bd6 15. a3 Nf8 16. Ne5 f6 17. c4 Ne7 18. Nf3 Nc6 19. Bxd6 Qxd6 20. Qe3 a5 21. Rad1 Nd8 22. Qd2 Ra8 23. Rfe1 Nc6 24. Be4 Kh8 25. Qc3 a4 26. Bc2 Ne7 27. Nd2 b6 28. Ne4 Qd7 29. Ng3 b5 30. Ne4 bxc4 31. Nc5 Qb5 32. Be4 Nd5 33. Qc2 c6 34. Rc1 Reb8 35. Rb1 Qa5 36. Qxc4 Rxb2 37. Rxb2 Qxe1+ 38. Kh2 Qa5 39. Rb7 Qd2 40. Nd3 Ng6 41. Rb2 Qa5 42. Qxc6 Nf8 43. Rb5 Qd8 44. Bxd5 exd5 45. Qxd5 Qc7+ 46. g3 Rd8 47. Qc5 Qxc5 48. Nxc5 Kg8 49. Rb4 Nd7 50. Nxd7 Rxd7 51. Rxa4 Rc7 52. d5 Rc3 53. Kg2 Rd3 54. Ra5 f5 55. Kf1 f4 56. gxf4 1-0